000 00302nam a22001337a 4500
008 170619b xxu||||| |||| 00| 0 eng d
020 _a0867386326
041 _aeng
080 _a32
100 _a20
101 _aSHP
245 _aRACE CLASS AND POLITICAL SYMBOLS
_cWATERS.A.M
942 _2udc
_cBK
999 _c18181
_d18181